5-Letter Countries Per Letter Quiz Stats

 Plays Quiz Updated Jul 26, 2016

Support Sporcle.
Go Orange.
Score 0/16 Timer 02:00
12 Plays Today
Letter 5-Letter Country % Correct
YYemen
91.8%
IIndia, Italy
89.1%
QQatar
89%
SSamoa, Spain, Sudan, Syria
86.5%
CChile, China
84.4%
JJapan
84.2%
GGabon, Ghana
83.9%
NNauru, Nepal, Niger
83.8%
Letter 5-Letter Country % Correct
HHaiti
80.8%
EEgypt
71%
KKenya
68.3%
BBenin
65.9%
LLibya
60.5%
PPalau
60.1%
MMalta
55.5%
TTonga
52.6%

You're not logged in!

Compare scores with friends on all Sporcle quizzes.
OR
Log In

From the Vault

Board Game Blitz

by LTH

Don't go too fast, or you might lose some of the pieces.
Remove Ads.
Support Sporcle.
Get the best of Sporcle when you Go Orange. This ad-free experience offers more features, more stats, and more fun while also helping to support Sporcle. Thank you for becoming a member.

Show Comments

Extras

Top Quizzes Today


Score Distribution

Your Account Isn't Verified!

In order to create a playlist on Sporcle, you need to verify the email address you used during registration. Go to your Sporcle Settings to finish the process.

Report this User

Report this user for behavior that violates our Community Guidelines.

Details: